000 00351nam a2200145Ia 4500
008 231025s2021 xx 000 0 und d
020 _a9788131262832
041 _aeng
082 _a617.692
100 _aResnik R.R.
245 _aMisch's Contemporary Implant Dentistry
250 _a4th
260 _aNew Delhi
_bElsevier
_c2021
300 _a1241
999 _c916364
_d916364